Welcome to the Holygrace Academy Library

Please use search bar below to get started

TARGET 2011 PHYSICS (Record no. 668)

MARC details
000 -LEADER
fixed length control field 00328nam a22001337a 4500
020 ## - INTERNATIONAL STANDARD BOOK NUMBER
ISBN 978-0-07-070329-2
082 ## - DEWEY DECIMAL CLASSIFICATION NUMBER
Classification number 530
Item number MAL/P
100 ## - MAIN ENTRY--AUTHOR NAME
Personal name STALIN MALHOTRA
245 ## - TITLE STATEMENT
Title TARGET 2011 PHYSICS
Remainder of title CLASS XII
260 ## - PUBLICATION, DISTRIBUTION, ETC. (IMPRINT)
Place of publication DELHI
Name of publisher TATA McGRAW HILL PUBLICATIONS
300 ## - PHYSICAL DESCRIPTION
Number of Pages 759
650 ## - SUBJECT ADDED ENTRY--TOPICAL TERM
Topical Term PHYSICS FOR CLASS XII
Geographic subdivision INDIA
942 ## - ADDED ENTRY ELEMENTS (KOHA)
Koha item type Books
Holdings
Withdrawn status Lost status Collection code Home library Current library Shelving location Date acquired Source of acquisition Cost, normal purchase price Full call number Accession Number Koha item type
    Reference Main Library Main Library SHELF-9 A XII PHYSICS 15/09/2010 purchase 285.00 530 MAL/P 05722 Books